राममनोहर लोहिया रचनावली 2 (Record no. 55914)
[ view plain ]
| 000 -LEADER | |
|---|---|
| fixed length control field | 00641nam a22001577a 4500 |
| 003 - CONTROL NUMBER IDENTIFIER | |
| control field | MACL |
| 005 - DATE AND TIME OF LATEST TRANSACTION | |
| control field | 20170117124119.0 |
| 008 - FIXED-LENGTH DATA ELEMENTS--GENERAL INFORMATION | |
| fixed length control field | 170117b xxu||||| |||| 00| 0 eng d |
| 040 ## - CATALOGING SOURCE | |
| Transcribing agency | MACL |
| 082 ## - DEWEY DECIMAL CLASSIFICATION NUMBER | |
| Classification number | 800/RAM |
| 100 ## - MAIN ENTRY--PERSONAL NAME | |
| Personal name | राममनोहर लोहिया |
| 9 (RLIN) | 66544 |
| 245 ## - TITLE STATEMENT | |
| Title | राममनोहर लोहिया रचनावली 2 |
| Remainder of title | इतिहास चक्र जाति प्रथ्ाा भारत विभाजन के अपराधी तथा लोहिया अमरीका मुलाकात |
| 260 ## - PUBLICATION, DISTRIBUTION, ETC. (IMPRINT) | |
| Date of publication, distribution, etc. | 2013 |
| 650 ## - SUBJECT ADDED ENTRY--TOPICAL TERM | |
| Topical term or geographic name as entry element | रचनावली |
| 9 (RLIN) | 163 |
| 942 ## - ADDED ENTRY ELEMENTS (KOHA) | |
| Source of classification or shelving scheme | |
| Koha item type | Hindi Books |
| Withdrawn status | Lost status | Source of classification or shelving scheme | Damaged status | Not for loan | Home library | Current library | Date acquired | Cost, normal purchase price | Total Checkouts | Full call number | Barcode | Checked out | Date last seen | Date last checked out | Price effective from | Koha item type |
|---|---|---|---|---|---|---|---|---|---|---|---|---|---|---|---|---|
| MACL | MACL | 17/01/2017 | 6300.00 | 3 | 800/RAM | CRH032629 | 05/02/2023 | 20/01/2023 | 20/01/2023 | 17/01/2017 | Hindi Books |









